000 00430nam a2200169Ia 4500
003 GCL
008 140319s9999 xx 000 0 eng d
040 _aGCL /
_cGCL
082 0 4 _a646.6
_bS P
100 1 _aEROSS, KIM JOHNSON
245 1 0 _aPACKING : BAGS TO TRUAKS /
_cEROSS, KIM JOHNSON
700 1 _aSTONE, JEFF
260 _a[S.N] :
_bTHAMES AND HUDSON ،
_c1994
300 _a104
650 0 4 _aPACKAGING
942 _2ddc
_cBK
999 _c10423
_d10423